<?xml version="1.0" encoding="UTF-8"?>
<record
    xmlns:xsi="http://www.w3.org/2001/XMLSchema-instance"
    xsi:schemaLocation="http://www.loc.gov/MARC21/slim http://www.loc.gov/standards/marcxml/schema/MARC21slim.xsd"
    xmlns="http://www.loc.gov/MARC21/slim">

  <leader>01845nam a2200385 i 4500</leader>
  <controlfield tag="001">768714001</controlfield>
  <controlfield tag="003">CO-MdFUSB2</controlfield>
  <controlfield tag="005">20260418122416.0</controlfield>
  <controlfield tag="007">ta</controlfield>
  <controlfield tag="008">240930t1992    sp ||||| |||| 001 0 spa d</controlfield>
  <datafield tag="020" ind1=" " ind2=" ">
    <subfield code="a">8430111948</subfield>
  </datafield>
  <datafield tag="040" ind1=" " ind2=" ">
    <subfield code="b">spa.</subfield>
    <subfield code="a">CO-MdFUSB</subfield>
    <subfield code="c">CO-MdFUSB</subfield>
    <subfield code="d">CO-MdFUSBC</subfield>
    <subfield code="e">rda</subfield>
  </datafield>
  <datafield tag="041" ind1=" " ind2=" ">
    <subfield code="a">spa</subfield>
  </datafield>
  <datafield tag="082" ind1=" " ind2=" ">
    <subfield code="2">23</subfield>
    <subfield code="a">222.35</subfield>
    <subfield code="b">C114</subfield>
  </datafield>
  <datafield tag="100" ind1=" " ind2=" ">
    <subfield code="a">Cabezudo Melero, Enrique,</subfield>
    <subfield code="e">autor</subfield>
  </datafield>
  <datafield tag="245" ind1="1" ind2=" ">
    <subfield code="a">Historia epis&#xF3;dica : Rut, Tob&#xED;as, Judit y Ester : </subfield>
    <subfield code="b">texto y comentario</subfield>
    <subfield code="c">/ Enrique Cabezudo Melero</subfield>
  </datafield>
  <datafield tag="264" ind1=" " ind2="1">
    <subfield code="a">Salamanca, Espa&#xF1;a : </subfield>
    <subfield code="b">La casa de la Biblia,</subfield>
    <subfield code="c">[1992]</subfield>
  </datafield>
  <datafield tag="264" ind1=" " ind2="4">
    <subfield code="c">&#xA9;1992</subfield>
  </datafield>
  <datafield tag="300" ind1=" " ind2=" ">
    <subfield code="a">207 p&#xE1;ginas</subfield>
    <subfield code="c">; 17 cm</subfield>
  </datafield>
  <datafield tag="336" ind1=" " ind2=" ">
    <subfield code="2">rdacontent</subfield>
    <subfield code="a">texto</subfield>
    <subfield code="b">txt</subfield>
  </datafield>
  <datafield tag="337" ind1=" " ind2=" ">
    <subfield code="2">rdamedia</subfield>
    <subfield code="a">sin mediaci&#xF3;n</subfield>
    <subfield code="b">n</subfield>
  </datafield>
  <datafield tag="338" ind1=" " ind2=" ">
    <subfield code="2">rdacarrier</subfield>
    <subfield code="a">volumen</subfield>
    <subfield code="b">nc</subfield>
  </datafield>
  <datafield tag="490" ind1=" " ind2=" ">
    <subfield code="a">Mensaje del Antiguo Testamento</subfield>
  </datafield>
  <datafield tag="500" ind1=" " ind2=" ">
    <subfield code="a">Incluye &#xED;ndice</subfield>
  </datafield>
  <datafield tag="505" ind1=" " ind2=" ">
    <subfield code="t">Tobias:</subfield>
    <subfield code="g">Presentaci&#xF3;n del tema y de los personajes (Tob 1 3-3 17) - - Desarrollo de la acci&#xF3;n (Tob 4 1-11 19) - -Desenlace del relato (Tob 12 1-22) - - Ep&#xED;logo (Tob 13 1-14 15)</subfield>
    <subfield code="t">Judith:</subfield>
    <subfield code="g">La prueba (Jdt 1 1-3 10) --  Resistencia de la ciudad y s&#xFA;plica de Ajior (Jdt 4 1-7 32) -- Intervenci&#xF3;n de Judit y liberaci&#xF3;n (Jdt 8 1-15 13) -- Ep&#xED;logo (Jdt 15 14-16 25)</subfield>
    <subfield code="t">Ester:</subfield>
    <subfield code="g">Destituci&#xF3;n de Vasti y entronizaci&#xF3;n de Ester (Est 1 1-2 20) -- Am&#xE1;n, Mardoqueo y Ester (Est 2 21-4 17x) --  Ester ante Asuero (Est 5 1-14) --  Ca&#xED;da de Am&#xE1;n y triunfo de los jud&#xED;os (Est 6 1-9 16) -- Ap&#xE9;ndices (Est 9 17-10 3k).</subfield>
  </datafield>
  <datafield tag="563" ind1=" " ind2=" ">
    <subfield code="a">R&#xFA;stica</subfield>
  </datafield>
  <datafield tag="630" ind1="0" ind2="7">
    <subfield code="a">Biblia.</subfield>
    <subfield code="p">Antiguo Testamento</subfield>
  </datafield>
  <datafield tag="650" ind1=" " ind2="7">
    <subfield code="a">Hermen&#xE9;utica b&#xED;blica</subfield>
    <subfield code="2">embne</subfield>
    <subfield code="9">7333</subfield>
  </datafield>
  <datafield tag="653" ind1=" " ind2=" ">
    <subfield code="a">Biblia. A.T. Rut &#x2014; Comentarios </subfield>
  </datafield>
  <datafield tag="653" ind1=" " ind2=" ">
    <subfield code="a">Biblia. A.T. Tob&#xED;as &#x2014; Comentarios</subfield>
  </datafield>
  <datafield tag="653" ind1=" " ind2=" ">
    <subfield code="a">Biblia. A.T. Judit &#x2014; Comentarios</subfield>
  </datafield>
  <datafield tag="653" ind1=" " ind2=" ">
    <subfield code="a"> Biblia. A.T. Ester &#x2014; Comentarios</subfield>
  </datafield>
  <datafield tag="942" ind1=" " ind2=" ">
    <subfield code="c">BK</subfield>
  </datafield>
  <datafield tag="945" ind1=" " ind2=" ">
    <subfield code="a">Catherine Arias Alvarez</subfield>
  </datafield>
  <datafield tag="952" ind1=" " ind2=" ">
    <subfield code="0">0</subfield>
    <subfield code="1">0</subfield>
    <subfield code="2">ddc</subfield>
    <subfield code="4">0</subfield>
    <subfield code="7">0</subfield>
    <subfield code="8">GEN</subfield>
    <subfield code="a">FUSBC</subfield>
    <subfield code="b">FUSBC</subfield>
    <subfield code="d">2024-09-30</subfield>
    <subfield code="l">0</subfield>
    <subfield code="o">G 222.35 C114h</subfield>
    <subfield code="p">25067</subfield>
    <subfield code="r">2024-09-30 00:00:00</subfield>
    <subfield code="t">Ej. 1</subfield>
    <subfield code="w">2024-09-30</subfield>
    <subfield code="y">BK</subfield>
    <subfield code="B">0</subfield>
  </datafield>
  <datafield tag="999" ind1=" " ind2=" ">
    <subfield code="c">70992</subfield>
    <subfield code="d">70992</subfield>
  </datafield>
</record>
